| 000 | 00480nam a2200181Ia 4500 | ||
|---|---|---|---|
| 008 | 230524s9999 xx 000 0 und d | ||
| 020 | _a9788126509867 | ||
| 082 |
_a5.133 _bGOO |
||
| 100 | _aMichael T.Goodrich | ||
| 245 | 0 | _a"Algorithm Design (Foundations, Analysis and Internet Examples" | |
| 250 | _a1ST | ||
| 260 |
_aNEW DELHI _bJohn Wiley _c2002 |
||
| 300 | _aXI;698 | ||
| 500 | _aQuantity Number: 7 | ||
| 650 | _aComp-Sc | ||
| 700 | _a Roberto Tamassia | ||
| 942 | _cBK | ||
| 999 |
_c36254 _d36254 |
||